Air survey: the adjustment of minor control plots (Record no. 87259)

MARC details
000 -LEADER
fixed length control field 00495cam a2200193 4500
001 - CONTROL NUMBER
control field D14370
008 - FIXED-LENGTH DATA ELEMENTS--GENERAL INFORMATION
fixed length control field 090401t1943 xxu||||| |||| 00| 0 eng d
035 ## - SYSTEM CONTROL NUMBER
System control number (Sirsi) u15168
041 ## - LANGUAGE CODE
Language code of text/sound track or separate title eng
110 ## - MAIN ENTRY--CORPORATE NAME
Corporate name or jurisdiction name as entry element War Office. Survey Directorate. GHQ Middle East
9 (RLIN) 3249
245 ## - TITLE STATEMENT
Title Air survey: the adjustment of minor control plots
260 ## - PUBLICATION, DISTRIBUTION, ETC.
Place of publication, distribution, etc. Cairo
Date of publication, distribution, etc. 1943
300 ## - PHYSICAL DESCRIPTION
Extent 11p. 27cm
350 ## - PRICE (NR) (BK AM CF MU VM SE) [OBSOLETE]
Price 0
490 ## - SERIES STATEMENT
Series statement Technical Pamphlet
Volume/sequential designation 6
520 ## - SUMMARY, ETC.
Summary, etc. Shelf 183
942 ## - ADDED ENTRY ELEMENTS (KOHA)
Suppress in OPAC 0
948 ## - LOCAL PROCESSING INFORMATION (OCLC); SERIES PART DESIGNATOR (RLIN)
c (OCLC) 04/03/1997
Holdings
Withdrawn status Lost status Source of classification or shelving scheme Damaged status Not for loan Home library Current library Shelving location Date acquired Total Checkouts Full call number Barcode Date last seen Copy number Price effective from Koha item type
    Other/Generic Classification Scheme     London London Basement 15/08/1991   SHELF 183 30014073 06/08/2019 1 06/08/2019 Reference material